skbl

Dr Suryya Kumar Bhuyan Library Web-OPAC
ডঃ সূৰ্য্য
কুমাৰ ভূঞা পুথিভঁৰাল ৱেব-অ'পেক

All Research Scholars are advised to clear the annual library fees to continue using Library Resources, Remote Access, Plagiarism Test and Library Clearance.

Cotton University Book Fair 2026

Bangla Kavya Manjuri / (Record no. 11313)

MARC details
000 -LEADER
fixed length control field 00603nam a2200205Ia 4500
001 - CONTROL NUMBER
control field 11326
008 - FIXED-LENGTH DATA ELEMENTS--GENERAL INFORMATION
fixed length control field 170211s1962 ii g b000 u 346 u
082 ## - DEWEY DECIMAL CLASSIFICATION NUMBER
Classification number 891.441
110 ## - MAIN ENTRY--CORPORATE NAME
Corporate name or jurisdiction name as entry element Assam Academy of Cultural Relatoins .
Location of meeting (Guwahati )
245 #0 - TITLE STATEMENT
Title Bangla Kavya Manjuri /
Statement of responsibility, etc. Assam Academy of Cultural Relatoins.
Medium Textual Documents
250 ## - EDITION STATEMENT
Edition statement 1st ed. /
260 ## - PUBLICATION, DISTRIBUTION, ETC.
Place of publication, distribution, etc. Guwahati :
Name of publisher, distributor, etc. Assam Academy of Cultural Relatoins ,
Date of publication, distribution, etc. 1962.
300 ## - PHYSICAL DESCRIPTION
Extent 159p. ;
Dimensions 22cm.
653 ## - INDEX TERM--UNCONTROLLED
Uncontrolled term Bengali
653 ## - INDEX TERM--UNCONTROLLED
Uncontrolled term G-Bengali
653 ## - INDEX TERM--UNCONTROLLED
Uncontrolled term MS-Bengali
653 ## - INDEX TERM--UNCONTROLLED
Uncontrolled term T/G-Bengali
653 ## - INDEX TERM--UNCONTROLLED
Uncontrolled term Bengali poetry
942 ## - ADDED ENTRY ELEMENTS (KOHA)
Source of classification or shelving scheme Dewey Decimal Classification
Koha item type Books
Holdings
Withdrawn status Lost status Damaged status Not for loan Collection Home library Current library Shelving location Date acquired Coded location qualifier Total checkouts Full call number Barcode Date last seen Copy number Price effective from Koha item type
          Dr. Suryya Kumar Bhuyan Library Dr. Suryya Kumar Bhuyan Library   01/02/2012 00000   891.441 As 72 B 889/As 13/01/2024 5 01/02/2012 Books
          Dr. Suryya Kumar Bhuyan Library Dr. Suryya Kumar Bhuyan Library   01/02/2012 00000   891.441 As 72 B 49846 13/01/2024 1 01/02/2012 Books
          Dr. Suryya Kumar Bhuyan Library Dr. Suryya Kumar Bhuyan Library   01/02/2012 00000   891.441 As 72 B 49849 13/01/2024 3 01/02/2012 Books
          Dr. Suryya Kumar Bhuyan Library Dr. Suryya Kumar Bhuyan Library   01/02/2012 00000   891.441 As 72 B 49851 13/01/2024 4 01/02/2012 Books
          Dr. Suryya Kumar Bhuyan Library Dr. Suryya Kumar Bhuyan Library   01/02/2012 00000   891.441 As 72 B 888/As 13/01/2024 2 01/02/2012 Books

Designed and Maintained by Team SKBL
©1901-2026

Powered by Koha